Todos os campeões da Eurocopa - Statistics

Estatísticas Gerais
  • Esse quiz foi jogado 109 vezes
  • A pontuação média é 15 de 17
Estatísticas das Respostas
Ano Campeão % Correto
2016 Portugal
99%
2024 Espanha
98%
2012 Espanha
98%
2008 Espanha
98%
1964 Espanha
98%
2020 Itália
95%
1968 Itália
95%
1996 Alemanha
94%
1980 Alemanha Ocidental
94%
1972 Alemanha Ocidental
94%
2000 França
93%
1984 França
93%
2004 Grécia
82%
1988 Países Baixos
81%
1960 União Soviética
71%
1992 Dinamarca
63%
1976 Tchecoslováquia
23%
Nenhum quiz correspondente encontrado
Distribuição das Pontuações
Porcentagem de Pessoas com Cada Pontuação
Percentil de Números Respondidos
Sua Pontuação Histórica
Você não jogou esse quiz